000 01500nam2a22002771 4500
001 v19\rc\1200940
005 20260405195726.0
035 _a(NLR Aleph) 004366518
090 _a3442589
_c3442589
100 _a20060306d1892 |||y0rusy50 ca
101 0 _arus
102 _aRU
105 _ay z |||||
200 1 _a... очередному 1892 года. О действиях по предупреждению и пресечению холерной эпидемии
210 _d1892
_aБ. м.
215 _a74 с.
300 _aВ конце текста сост.: врач А.В. Смирнов
461 0 _1001v19\rc\1200913
_12001#$aДоклад Губернской земской управы Земскому собранию...$v... очередному 1892 года$90
_93442242
_aВладимирская губернская земская управа
_c[Владимир губ.
_d1866]-1917
_tДоклад Губернской земской управы Земскому собранию...
_v... очередному 1892 года$90
517 0 _aО действиях по предупреждению и пресечению холерной эпидемии
702 1 _4220
_8rus
_7ca
_aСмирнов
_bА. В.
_cбиблиограф, врач
_f1854-1918
_gАлександр Васильевич
_3RU\NLR\AUTH\7787392
_970320
801 0 _aRU
_bNLR
_gpsbo
801 1 _aRU
_bProSoft-M
_2rusmarc
852 _aNLR
_bЗем
_j6/Д34
942 _cBOOK
980 _aNB